Central Library OPAC University of Rajshahi

Fatty acid metabolism in microorganisms. / (Record no. 68873)

MARC details
000 -LEADER
fixed length control field 00990nam a2200301 a 4500
001 - CONTROL NUMBER
control field 68873
003 - CONTROL NUMBER IDENTIFIER
rucl marc code BD-RjUL
005 - DATE AND TIME OF LATEST TRANSACTION
control field 20211209081823.0
008 - FIXED-LENGTH DATA ELEMENTS--GENERAL INFORMATION
fixed length control field 170406s1963 nyua 001 0 eng d
035 ## - SYSTEM CONTROL NUMBER
System control number (BD-RjUL)69084
040 ## - CATALOGING SOURCE
Original cataloging agency DLC/ICU
Transcribing agency CGU
Modifying agency DLC
-- UKM
-- NLM
-- EQO
-- BD-RjUL
Language of cataloging eng
041 ## - LANGUAGE CODE
Language code of text/sound track or separate title eng
060 00 - NATIONAL LIBRARY OF MEDICINE CALL NUMBER
Classification number QW 52
Item number H713f 1963
082 00 - DEWEY DECIMAL CLASSIFICATION NUMBER
Classification number 612.39
Edition number 23
Author mark and year HOF 1963
100 1# - MAIN ENTRY--PERSONAL NAME
Personal name Hofmann, Klaus,
Dates associated with a name 1911-1995.
9 (RLIN) 204079
245 10 - TITLE STATEMENT
Title Fatty acid metabolism in microorganisms. /
Statement of responsibility, etc. Klaus Hofmann.
260 ## - PUBLICATION, DISTRIBUTION, ETC. (IMPRINT)
Place of publication, distribution, etc. New York :
Name of publisher, distributor, etc. Wiley,
Date of publication, distribution, etc. 1963.
300 ## - PHYSICAL DESCRIPTION
Pagination xii, 78 p. :
Illustrations ill. ;
Size 19 cm.
490 1# - SERIES STATEMENT
Series statement E.R. Squibb lectures on chemistry of microbial products,
500 ## - GENERAL NOTE
General note Includes Indexes
650 #0 - SUBJECT ADDED ENTRY--TOPICAL TERM
Topical term or geographic name as entry element metabolism.
9 (RLIN) 163465
Topical term or geographic name as entry element Bacteria
General subdivision Physiology.
9 (RLIN) 204080
Topical term or geographic name as entry element Bacteria
General subdivision metabolism.
9 (RLIN) 204081
Topical term or geographic name as entry element Fatty Acids
General subdivision metabolism.
9 (RLIN) 204082
830 #0 - SERIES ADDED ENTRY--UNIFORM TITLE
Uniform title E.R. Squibb lectures on chemistry of microbial products ;
942 ## - ADDED ENTRY ELEMENTS (KOHA)
Source of classification or shelving scheme Dewey Decimal Classification
Koha item type Books
Holdings
Lost status Source of classification or shelving scheme Damaged status Not for loan Collection code Permanent Location Current Location Shelving location Date acquired Source of acquisition Cost, normal purchase price Total Checkouts Full call number Date last seen Copy number Koha item type
  Dewey Decimal Classification   Not For Loan Non-fiction Central Library, University of Rajshahi Central Library, University of Rajshahi Reading Room 15/08/1967 Book Review Enterprise 24.00   612.39 HOF 1963 06/04/2017 C-1 Books